| 000 | 00372nam a22001457a 4500 | ||
|---|---|---|---|
| 001 | T027600009753 | ||
| 008 | 181111b xve|||||r|||| 00| | esp d | ||
| 099 |
_3P.O. _a351 _bV458.I _c1963 |
||
| 100 | _aCORDIPLAN. | ||
| 245 | _aII Plan de la Nación 1963-1966. Tomo I. | ||
| 260 | _a | ||
| 500 | _a | ||
| 650 | _aVenezuela- -Planes de la Nación 1963-1966. | ||
| 942 | _cLIB | ||
| 999 |
_c10844 _d10844 |
||